An investigation into efl high school teachers' perspectives on and practice of using prescribed lesson plans within the setting of the junior high school instruction : Master of education. Program: Principles and methods in english language education

The thesis entitled "An investigation into efl high school teachers' perspectives on and practice of using prescribed lesson plans within the setting of the junior high school instruction" was conducted by a descriptive study to investigate EFL high school teachers' perspectives...

Full beskrivning

Sparad:
Bibliografiska uppgifter
Huvudupphovsman: Nguyễn, Thanh Bình Tâm
Materialtyp: Bok
Språk:Undetermined
Publicerad: Cần Thơ Đại học Cần Thơ 2013
Ämnen:
Taggar: Lägg till en tagg
Inga taggar, Lägg till första taggen!
Thư viện lưu trữ: Trung tâm Học liệu Trường Đại học Cần Thơ
LEADER 01318nam a2200229Ia 4500
001 CTU_184507
008 210402s9999 xx 000 0 und d
082 |a 428.007 
082 |b T120 
088 |a 60140111 
100 |a Nguyễn, Thanh Bình Tâm 
245 3 |a An investigation into efl high school teachers' perspectives on and practice of using prescribed lesson plans within the setting of the junior high school instruction : 
245 0 |b Master of education. Program: Principles and methods in english language education 
245 0 |c Nguyễn Thanh Bình Tâm ; Nguyễn Thu Hương supervisor 
260 |a Cần Thơ 
260 |b Đại học Cần Thơ 
260 |c 2013 
520 |a The thesis entitled "An investigation into efl high school teachers' perspectives on and practice of using prescribed lesson plans within the setting of the junior high school instruction" was conducted by a descriptive study to investigate EFL high school teachers' perspectives on and practice of using prescribed lesson plans within the setting of the junior high school instruction. 
650 |a English language,Phương pháp giảng dạy tiếng Anh 
650 |x Study and teaching 
904 |i Võ, Thị Diệu 
980 |a Trung tâm Học liệu Trường Đại học Cần Thơ